000 00893nam a2200265Ia 4500
003 OSt
005 20220918170755.0
006 a|||||r|||| 00| 0
007 ta
008 220917b |||||||| |||| 00| 0 eng d
020 _a9780521022408 (pbk)
_c2054.46
024 _a246,475
037 _b10-11379, 18/03/2011, Atlantic Publisher & Dist.Pvt.Ltd.
_cTextual
040 _aARTS
_cARTS
_beng
041 _2eng
_aeng
082 _aO111(Y15),3:g, P0
100 _aKeane Angela
_918588
245 0 _aWomen writers and the english nation in the 1790s
260 _aCambridge
_bCambridge University Press UK
_c2010
300 _ax,200p.
_ccm.
490 _aCambridge studies in romanticism; 44
650 _aENGLISH LITERATURE
942 _hO111(Y15),3:g, P0
_cTEXL
_2CC
999 _c135690
_d135690